<?xml version="1.0" encoding="UTF-8"?>
<record
    xmlns:xsi="http://www.w3.org/2001/XMLSchema-instance"
    xsi:schemaLocation="http://www.loc.gov/MARC21/slim http://www.loc.gov/standards/marcxml/schema/MARC21slim.xsd"
    xmlns="http://www.loc.gov/MARC21/slim">

  <leader>00653nam a2200169Ia 4500</leader>
  <controlfield tag="003">LK-CoDNM</controlfield>
  <controlfield tag="008">140723t2019    xxu||||| |||| 00| 1 sin d</controlfield>
  <datafield tag="020" ind1=" " ind2=" ">
    <subfield code="a"></subfield>
    <subfield code="a">9789553098665</subfield>
  </datafield>
  <datafield tag="040" ind1=" " ind2=" ">
    <subfield code="a">LK-CoDNM</subfield>
    <subfield code="d">LK-CoDNM</subfield>
    <subfield code="e">LK-CoDNM</subfield>
  </datafield>
  <datafield tag="041" ind1=" " ind2=" ">
    <subfield code="a">sin</subfield>
  </datafield>
  <datafield tag="080" ind1=" " ind2=" ">
    <subfield code="a">294.3</subfield>
    <subfield code="b">HEN</subfield>
  </datafield>
  <datafield tag="245" ind1=" " ind2=" ">
    <subfield code="a">&#xDC4;&#xDD9;&#xDAB;&#xDD2;&#xDA9;&#xDD2;&#xDBA;&#xD9C;&#xDBD; &#xDC3;&#xDD3;&#xDBD;&#xDBB;&#xDAD;&#xDB1; &#xDB1;&#xDCF;&#xDC4;&#xDD2;&#xDB8;&#xDD2;&#xDBA;&#xDB1;&#xDCA;&#xD9C;&#xDDA; &#xDC3;&#xDAF;&#xDCA;&#xDB0;&#xDBB;&#xDCA;&#xDB8;&#xDB1;&#xDB1;&#xDCA;&#xDAF;&#xDB1;&#xDBA; 6</subfield>
  </datafield>
  <datafield tag="246" ind1=" " ind2=" ">
    <subfield code="a">Hendiyagala Seelarathana Nahimiyange Saddarmanandanaya 6 Budu Weema Niwan Maga Punaruthpaththiya</subfield>
  </datafield>
  <datafield tag="260" ind1=" " ind2=" ">
    <subfield code="b">S.Godage Publisher</subfield>
    <subfield code="a">Colombo</subfield>
    <subfield code="c">2019</subfield>
  </datafield>
  <datafield tag="700" ind1=" " ind2=" ">
    <subfield code="a">&#xDB4;&#xDD3;,&#xD87;&#xDB8;&#xDCA; &#xDC3;&#xDDA;&#xDB1;&#xDCF;&#xDBB;&#xDAD;&#xDCA;&#xDB1;</subfield>
    <subfield code="e">ed.</subfield>
    <subfield code="y">P.M.Senarathna</subfield>
  </datafield>
  <datafield tag="942" ind1=" " ind2=" ">
    <subfield code="c">BK</subfield>
  </datafield>
  <datafield tag="952" ind1=" " ind2=" ">
    <subfield code="0">0</subfield>
    <subfield code="1">0</subfield>
    <subfield code="4">0</subfield>
    <subfield code="7">0</subfield>
    <subfield code="8">MONO</subfield>
    <subfield code="a">MAIN</subfield>
    <subfield code="b">MAIN</subfield>
    <subfield code="d">2023-07-16</subfield>
    <subfield code="g">250.00</subfield>
    <subfield code="l">0</subfield>
    <subfield code="o">294.3 HEN</subfield>
    <subfield code="p">P44027</subfield>
    <subfield code="r">2023-07-16</subfield>
    <subfield code="w">2023-07-16</subfield>
    <subfield code="y">BK</subfield>
  </datafield>
  <datafield tag="999" ind1=" " ind2=" ">
    <subfield code="c">79989</subfield>
    <subfield code="d">79989</subfield>
  </datafield>
</record>
